| 000 | 00674nam a2200181 4500 | ||
|---|---|---|---|
| 001 | 109913 | ||
| 003 | ES-MaACL | ||
| 005 | 20251220174322.0 | ||
| 007 | t| | ||
| 008 | 061121s1964 sp r ||||1| spa d | ||
| 245 | 0 | 0 | _aObispados en Alava, Guipúzcoa y Vizcaya hasta la erección de la diócesis de Vitoria (28 de abril de 1862). |
| 260 |
_aVitoria : _bEset Seminario Diocesano, _c1964. |
||
| 300 |
_aXII, 431 p. : _bil. ; _c25 cm. |
||
| 490 | 1 |
_aVictoriensia. Publicaciones del Seminario de Vitoria ; _vVol. 19 |
|
| 830 | 0 |
_aVictoriensia. Publicaciones del Seminario de Vitoria _vVol. 19 _9187197 |
|
| 852 |
_aES-MaACL _jC-26152 _bR.54896 |
||
| 999 |
_c109913 _d109913 |
||